000 00616nam a2200169 i 4500
001 166770
003 ES-MaACL
005 20250807210536.0
008 050922s1862 sp | |||||||| ||spa d
100 1 _aUlbach, Louis,
_d1822-1889
_9133445
245 1 0 _aHistoria de una madre y de sus hijos /
_cpor Luis Ulbach.
260 _aMadrid :
_b[s.n.],
_c1862 (
_eImp. de La Correspondencia de España)
300 _a168 p. ;
_c16 cm.
650 4 _aMujeres-
_xEducación
_912094
852 _aES-MaACL
_jT-455-F-2
_z- Enc. hol., falto de la enc. original
_z- Enc. en un vol. facticio
999 _c166770
_d166770